Statistics for Longest AFL Suspensions Since 2000

Click here to take the quiz!

General Stats

  • This quiz has been taken 9 times
  • The average score is 8 of 15

Answer Stats

TeamSuspension LengthYearAnswer% Correct
West Coast8 matches2018Andrew Gaff
100%
Sydney7 matches2008Barry Hall
100%
GWS6 matches2021Toby Greene
100%
St Kilda9 Matches2010Steven Baker
75%
St Kilda7 matches2007Steven Baker
75%
Melbourne6 matches2017Tom Bugg
75%
Brisbane10 Matches2004Alastair Lynch
50%
Port Adelaide6 matches2005Byron Pickett
50%
Fremantle8 matches2008Dean Solomon
50%
Port Adelaide6 matches2016Tom Jonas
50%
Collingwood6 matches2006Brodie Holland
25%
Gold Coast6 matches2012Campbell Brown
25%
Collingwood6 matches2007Ben Johnson
0%
Fremantle6 matches2007Jeff Farmer
0%
Hawthorn6 matches2004Richie Vandenberg
0%

Score Distribution

Percentile by Number Answered

Percent of People with Each Score

Your Score History

You have not taken this quiz